000 00501nam a2200181Ia 4500
003 GCL
008 140319s9999 xx 000 0 ara d
040 _aGCL /
_cGCL
082 0 4 _a811.9
_bح ن
100 1 _aحسن كامل الصيرفى
245 1 0 _aالنبع /
_cحسن كامل الصيرفى
300 _a88 ص
490 _a
650 0 4 _aالشعر العربى
650 0 4 _aدواوين وقصائد
650 0 4 _aالشعر العربى - العصر الحديث
942 _2ddc
_cBK
999 _c39963
_d39963